| 000 | 00527nam a22001697a 4500 | ||
|---|---|---|---|
| 003 | NUST - PNEC | ||
| 005 | 20170116181128.0 | ||
| 008 | 151006b xxu||||| |||| 00| 0 eng d | ||
| 020 | _a0873894979 | ||
| 040 | _cLIBRARY | ||
| 082 | _a658.56207973 BLA | ||
| 100 |
_913798 _aBlazey, Mark L. |
||
| 245 |
_aInsights to performance excellence, 2001 : An inside look at the 2001 Baldridge Award criteria _cMark L. Blazey |
||
| 260 | _cc.2001 | ||
| 650 |
_913800 _aMalcolm Baldrige National Quality Award _xMIS |
||
| 942 |
_2ddc _cBK |
||
| 999 |
_c69838 _d69838 |
||